Estatísticas para A Seleção Brasileira da Copa do Mundo de 1974

Clique aqui para jogar o quiz

Estatísticas Gerais

  • Esse quiz foi jogado 75 vezes
  • A pontuação média é 19 de 23

Estatísticas das Respostas

Brasil 1974 - Jogadores e técnico% Correto
Leão
97%
Rivelino
97%
Ademir da Guia
94%
Marinho Chagas
94%
Marinho Peres
94%
Zagallo
94%
Jairzinho
90%
Zé Maria
90%
Leivinha
87%
Luís Pereira
87%
Valdomiro
87%
Paulo César Carpegiani
84%
Paulo César Lima
84%
César Maluco
81%
Dirceu
81%
Nelinho
81%
Alfredo Mostarda
77%
Edu
77%
Piazza
77%
Waldir Peres
77%
Renato
74%
Marco Antônio
68%
Mirandinha
65%

Distribuição das Pontuações

Percentil de Números Respondidos

Porcentagem de Pessoas com Cada Pontuação

Sua Pontuação Histórica

Você não jogou esse quiz